Jak kdo bydlí /

Hlavní autor: Černý, Oldřich, 1946-2012
Další autoři: Škoda, František, 1931-1988
Jazyk: Čeština
Vydáno: Praha : Panorama, 1985
Vydání: 1. vyd.
Fyzický popis: [12] s. : barev. il. ; 16x25 cm
Knihy
Uloženo v:
LEADER 00882nam a22002892a 4500
001 000853705
003 CZ BrMZK
005 20070611111300.0
007 ta
008 070611s1985 xr a er|||||||||||cze d
015 |a cnb000034875 
020 |q (Brož.) :  |c 12 Kčs 
035 |a (OCoLC)39408304 
040 |a ABA001  |b cze  |d ABA001 
080 9 |a 087.5 
100 1 |a Černý, Oldřich,  |d 1946-2012  |7 jk01021612  |4 aut 
245 1 0 |a Jak kdo bydlí /  |c Oldřich Černý ; nakreslil František Škoda 
250 |a 1. vyd. 
260 |a Praha :  |b Panorama,  |c 1985 
300 |a [12] s. :  |b barev. il. ;  |c 16x25 cm 
500 |a Leporelo 
500 |a 19000 výt. 
700 1 |a Škoda, František,  |d 1931-1988  |7 jk01130308  |4 ill 
910 |a BOA001  |b 2-0893.523 
990 |a BK 
991 |b 200706 
996 6 |b 2619299749  |c 2-0893.523  |l MZK  |r Sklad / do 1 hodiny  |n 1  |w 000853705  |u 000010  |a 1  |e BOA001  |j MZK50  |s P